| LEADER |
00726nam0a2200205 450 |
| 001 |
16826575 |
| 010 |
|
|
|a 979-10-235-0748-5
|b rel.
|d 14,5
|
| 100 |
|
|
|a 20160829d2026 u u0frey01 ba
|
| 101 |
0 |
|
|a fre
|
| 102 |
|
|
|a FR
|
| 200 |
0 |
|
|a lettre ça change tout ! (Une)
|f Valérie Yagoubi, Agnès Audras
|
| 207 |
|
1 |
|a
|
| 210 |
|
|
|a Paris
|b 27 rue Jacob.
|c Seuil
|d DL 2016
|
| 215 |
|
|
|a 1 vol. (non paginé [73] p.)
|c ill. en coul.
|d 25 cm
|
| 300 |
|
|
|a En appendice, jeu de mistigri avec des cartes à découper
|
| 700 |
|
0 |
|a Yagoubi
|b Valérie
|4 70
|
| 701 |
|
0 |
|a Audras
|b Agnès
|f 1956-....
|4 70
|
| 900 |
|
|
|a Album
|
| 901 |
|
|
|a Accessible au prêt
|
| 995 |
|
|
|a Bibliothèque
|c Bibliothèque
|f 024017662
|h 024017662
|k A YAG
|o p
|q j
|r az
|e Bibliothèque
|